Finančný a kapitálový trh
Vysvetlenie pojmov finančný a kapitálový trh. Nástroje peňažného trhu. Realizácia obchodu na sekundárnom trhu. Služby Strediska cenných papierov SR.
Salvato in:
| Natura: | Capitolo di libro |
|---|---|
| Lingua: | slovacco |
| Soggetti: | |
| Tags: |
Nessun Tag, puoi essere il primo ad aggiungerne!!
|
MARC
| LEADER | 00000naa a2200000 4500 | ||
|---|---|---|---|
| 001 | r019506 | ||
| 005 | 20251104124013.2 | ||
| 041 | 0 | |a slo | |
| 044 | |a SK | ||
| 245 | 1 | 0 | |a Finančný a kapitálový trh |
| 520 | |a Vysvetlenie pojmov finančný a kapitálový trh. Nástroje peňažného trhu. Realizácia obchodu na sekundárnom trhu. Služby Strediska cenných papierov SR. | ||
| 610 | 2 | 0 | |a trh finančný |
| 610 | 2 | 0 | |a trh kapitálový |
| 610 | 2 | 0 | |a SCP SR Bratislava |
| 610 | 2 | 0 | |a trh peňažný |
| 610 | 2 | 0 | |a obchody burzové |
| 610 | 2 | 0 | |a burzovníctvo |